| 000 -LEADER |
| fixed length control field |
01212 a2200289 4500 |
| 020 ## - INTERNATIONAL STANDARD BOOK NUMBER |
| International Standard Book Number |
0387223835 |
| 020 ## - INTERNATIONAL STANDARD BOOK NUMBER |
| International Standard Book Number |
0387223835 |
| 020 ## - INTERNATIONAL STANDARD BOOK NUMBER |
| International Standard Book Number |
0387223835 |
| 035 ## - SYSTEM CONTROL NUMBER |
| System control number |
(OCoLC)ocm56192249 |
| 035 ## - SYSTEM CONTROL NUMBER |
| System control number |
(OCoLC)56192249 |
| 040 ## - CATALOGING SOURCE |
| Original cataloging agency |
DLC |
| Language of cataloging |
DLC |
| 082 00 - DEWEY DECIMAL CLASSIFICATION NUMBER |
| Classification number |
629.8 |
| 100 1# - MAIN ENTRY--PERSONAL NAME |
| Personal name |
Komornik, V. |
| 245 10 - TITLE STATEMENT |
| Title |
Fourier series in control theory |
| Statement of responsibility, etc. |
Vilmos Komornik, Paola Loreti. |
| 260 ## - PUBLICATION, DISTRIBUTION, ETC. |
| Place of publication, distribution, etc. |
New York : |
| Name of publisher, distributor, etc. |
Springer, |
| Date of publication, distribution, etc. |
c2005. |
| 300 ## - PHYSICAL DESCRIPTION |
| Extent |
ix, 226 p. ; |
| Dimensions |
25 cm. |
| 440 #0 - SERIES STATEMENT/ADDED ENTRY--TITLE |
| Title |
Springer monographs in mathematics |
| 650 #0 - SUBJECT ADDED ENTRY--TOPICAL TERM |
| Topical term or geographic name entry element |
Control theory. |
| 650 #0 - SUBJECT ADDED ENTRY--TOPICAL TERM |
| Topical term or geographic name entry element |
Fourier series. |
| 700 1# - ADDED ENTRY--PERSONAL NAME |
| Personal name |
Loreti, Paola. |
| 710 2# - ADDED ENTRY--CORPORATE NAME |
| Corporate name or jurisdiction name as entry element |
SpringerLink (Online service) |
| 856 ## - ELECTRONIC LOCATION AND ACCESS |
| Uniform Resource Identifier |
<a href="http://proxy.lib.luth.se/login?url=http://dx.doi.org/10.1007/b139040">http://proxy.lib.luth.se/login?url=http://dx.doi.org/10.1007/b139040</a> |
| 856 ## - ELECTRONIC LOCATION AND ACCESS |
| Uniform Resource Identifier |
<a href="http://www.lub.lu.se/cgi-bin/ipchk/http://dx.doi.org/10.1007/b139040">http://www.lub.lu.se/cgi-bin/ipchk/http://dx.doi.org/10.1007/b139040</a> |
| 856 ## - ELECTRONIC LOCATION AND ACCESS |
| Uniform Resource Identifier |
<a href="http://link.libris.kb.se/sfxumub?url_ver=Z39.88-2004&ctx_ver=Z39.88-2004&ctx_enc=info:ofi/enc:UTF-8&rfr_id=info:sid/sfxit.com:opac_856&url_ctx_fmt=info:ofi/fmt:kev:mtx:ctx&sfx.ignore_date_threshold=1&rft.object_id=1000000000227497&svc_val_fmt=info:ofi/fmt:kev:mtx:sch_svc&">http://link.libris.kb.se/sfxumub?url_ver=Z39.88-2004&ctx_ver=Z39.88-2004&ctx_enc=info:ofi/enc:UTF-8&rfr_id=info:sid/sfxit.com:opac_856&url_ctx_fmt=info:ofi/fmt:kev:mtx:ctx&sfx.ignore_date_threshold=1&rft.object_id=1000000000227497&svc_val_fmt=info:ofi/fmt:kev:mtx:sch_svc&</a> |
| 856 ## - ELECTRONIC LOCATION AND ACCESS |
| Uniform Resource Identifier |
<a href="http://ezproxy.its.uu.se/login?url=http://dx.doi.org/10.1007/b139040">http://ezproxy.its.uu.se/login?url=http://dx.doi.org/10.1007/b139040</a> |
| 942 ## - ADDED ENTRY ELEMENTS (KOHA) |
| Koha item type |
Book |
| Call number prefix |
629.8 KOM |
| Source of classification or shelving scheme |
|